Are radial tyres a threat to NR industry ? (Record no. 54479)

MARC details
000 -LEADER
fixed length control field 00326nam a2200133Ia 4500
100 ## - MAIN ENTRY--AUTHOR NAME
Personal name George C M
245 #0 - TITLE STATEMENT
Title Are radial tyres a threat to NR industry ?
260 ## - PUBLICATION, DISTRIBUTION, ETC. (IMPRINT)
Name of publisher Rubber Asia
Year of publication 1997
300 ## - PHYSICAL DESCRIPTION
Number of Pages 19-20
650 ## - SUBJECT ADDED ENTRY--TOPICAL TERM
Topical Term NR industry
650 ## - SUBJECT ADDED ENTRY--TOPICAL TERM
Topical Term Radial tyres
942 ## - ADDED ENTRY ELEMENTS (KOHA)
Koha item type Journals
Holdings
Withdrawn status Lost status Damaged status Not for loan Home library Current library Shelving location Date acquired Serial Enumeration / chronology Koha item type
      Journals RRII Library RRII Library Rubber chemistry 17/12/2021 Volume 11, Issue 5 Journals